[Event "AUTO-OPEN-1104"]
[Site "http://www.queenalice.com/game.php?id=392373"]
[Date "2008.4.23"]
[Round "1"]
[White "Benicio"]
[Black "Darkclouds"]
[Result "1-0"]
[WhiteElo "1046"]
[BlackElo "1949"]

1. e4 d5 2. exd5 Nf6 3. c4 e6 4. Qe2 Bc5 5. Nc3 O-O 6. d3 exd5 7. Qd1 Ng4 8. d4
Re8+ 9. Be2 Qf6 10. Nf3 Bd6 11. Nxd5 Qd8 12. O-O Nc6 13. Bd3 h6 14. Re1 Rxe1+
15. Qxe1 b6 16. h3 Nf6 17. Nxf6+ Qxf6 18. Qe8+ Bf8 19. Qe4 g6 20. Qf4 Qxf4 21.
Bxf4 Bb7 22. Bxc7 Nb4 23. Bf1 Rc8 24. Bg3 Bg7 25. Ne5 Nc6 26. Rd1 Nxe5 27. Bxe5
Rd8 28. Bxg7 Kxg7 29. d5 f5 30. g3 Kf6 31. f4 a5 32. Re1 Rd6 33. b3 b5 34. Bg2
b4 35. Re5 g5 36. c5 Rd8 37. Re6+ 1-0

[Event "AUTO-OPEN-1104"]
[Site "http://www.queenalice.com/game.php?id=392374"]
[Date "2008.4.23"]
[Round "1"]
[White "Darkclouds"]
[Black "Benicio"]
[Result "0-1"]
[WhiteElo "1906"]
[BlackElo "1046"]

1. d4 d5 2. e4 Nf6 3. Nc3 Bg4 4. Be2 h5 5. h3 Be6 6. e5 Ne4 7. Nxe4 dxe4 8. f3
c5 9. c3 Nc6 10. Bb5 Qb6 11. a4 a6 12. Bxc6+ Qxc6 13. Be3 Rd8 14. Qe2 cxd4 15.
Bxd4 exf3 16. Nxf3 g6 17. O-O Bc4 18. Qe3 Bh6 19. Ng5 Bxf1 20. Rxf1 O-O 21. Qg3
Rd5 22. Kh1 b6 23. Nxf7 Rxf7 24. Rxf7 Kxf7 25. Qf3+ Kg8 26. Qe4 Bg7 27. e6 Bxd4
28. cxd4 Kh7 0-1

[Event "AUTO-OPEN-1107"]
[Site "http://www.queenalice.com/game.php?id=393646"]
[Date "2008.4.26"]
[Round "1"]
[White "mamafox"]
[Black "Benicio"]
[Result "0-1"]
[WhiteElo "1217"]
[BlackElo "1175"]

1. d4 Nf6 2. c4 e6 3. Nc3 d5 4. Nf3 Be7 5. e3 O-O 6. b3 c5 7. Ne5 Ne4 8. Nxe4
dxe4 9. Bb2 Qa5+ 10. Qd2 Qxd2+ 0-1

[Event "AUTO-OPEN-1107"]
[Site "http://www.queenalice.com/game.php?id=393647"]
[Date "2008.4.26"]
[Round "1"]
[White "Benicio"]
[Black "mamafox"]
[Result "1-0"]
[WhiteElo "1141"]
[BlackElo "1251"]

1. e4 e5 2. f4 exf4 3. Nf3 d6 4. Bc4 Nc6 5. d4 Bg4 6. Bxf4 Nf6 7. Nc3 a6 8. O-O
Be7 9. e5 dxe5 10. dxe5 Bxf3 11. Qxd8+ Rxd8 12. exf6 1-0

[Event "AUTO-OPEN-1107"]
[Site "http://www.queenalice.com/game.php?id=393688"]
[Date "2008.4.26"]
[Round "1"]
[White "serginh0w"]
[Black "Benicio"]
[Result "0-1"]
[WhiteElo "1908"]
[BlackElo "1265"]

1. d4 Nf6 2. c4 e6 3. Nc3 d5 4. Bg5 c6 5. e3 Bb4 6. Nf3 Qa5 7. Bxf6 Bxc3+ 8.
bxc3 Qxc3+ 9. Nd2 gxf6 10. Rc1 Qa5 11. Qc2 Nd7 12. Be2 dxc4 13. Bxc4 Qg5 14. O-O
Rg8 15. g3 f5 16. f4 Qd8 17. e4 Nb6 18. Nf3 Nxc4 19. Qxc4 fxe4 20. Ng5 Qd5 21.
Nxh7 Qf5 22. Ng5 f6 23. Nxe6 Bxe6 0-1

[Event "AUTO-OPEN-1130"]
[Site "http://www.queenalice.com/game.php?id=402137"]
[Date "2008.5.13"]
[Round "1"]
[White "fictionist"]
[Black "Benicio"]
[Result "1-0"]
[WhiteElo "1747"]
[BlackElo "1320"]

1. e4 e5 2. Nf3 Nc6 3. Bb5 a6 4. Ba4 Bc5 5. O-O Qf6 6. Nc3 Nce7 7. a3 Nh6 8. d3
O-O 9. b4 Ba7 10. Bg5 Qd6 11. Qd2 Ng4 12. h3 Nf6 13. Ne2 Ng6 14. c4 Qe6 15. Bb3
d6 16. Rab1 a5 17. c5 Qe7 18. cxd6 Qxd6 19. Rfc1 axb4 20. axb4 Rd8 21. Bxf6 gxf6
22. Rd1 Be6 23. Bxe6 fxe6 24. Qh6 Bb6 25. Ng3 Ra2 26. Rf1 Qe7 27. Nh5 Rxd3 28.
Nh2 f5 29. exf5 exf5 30. Nf3 Rxf2 31. Rxf2 Be3 32. Nf6+ Qxf6 33. Qh5 e4 34. Ne1
1-0

[Event "AUTO-OPEN-1130"]
[Site "http://www.queenalice.com/game.php?id=402138"]
[Date "2008.5.13"]
[Round "1"]
[White "Benicio"]
[Black "fictionist"]
[Result "1-0"]
[WhiteElo "1265"]
[BlackElo "1562"]

1. e4 e5 2. f4 d6 3. Nf3 Nc6 4. d4 exd4 5. Bb5 Bd7 6. Nxd4 Nxd4 7. Bxd7+ Qxd7 8.
Qxd4 Nf6 9. Nc3 Be7 10. Be3 a6 11. h3 c5 12. Qd3 Rd8 13. O-O-O Qc6 14. g4 b5 15.
g5 Nd7 16. Nd5 Nb6 17. Qc3 Rg8 18. Nxb6 Qxb6 19. Qb3 Qc6 20. Rd5 a5 21. h4 b4
22. Qc4 Rb8 23. e5 dxe5 24. Qe4 Qa4 25. Rxe5 Qd7 26. Bxc5 1-0

[Event "AUTO-OPEN-1130"]
[Site "http://www.queenalice.com/game.php?id=402163"]
[Date "2008.5.13"]
[Round "1"]
[White "Benicio"]
[Black "andre_ramos"]
[Result "1-0"]
[WhiteElo "1236"]
[BlackElo "1358"]

1. e4 e5 2. f4 d5 3. exd5 Qxd5 4. Nc3 Qd8 5. fxe5 Bc5 6. Nf3 Ne7 7. d4 Bb4 8.
Bb5+ c6 9. Bd3 Bxc3+ 10. bxc3 Bf5 11. Bxf5 Nxf5 12. O-O Nh4 13. Ng5 O-O 14. Qh5
h6 15. Nxf7 Qe7 16. Nxh6+ gxh6 17. Rxf8+ Kxf8 18. Bxh6+ Kg8 19. Rf1 Nd7 20. Rf4
Nxg2 21. Rg4+ 1-0

[Event "AUTO-OPEN-1130"]
[Site "http://www.queenalice.com/game.php?id=402164"]
[Date "2008.5.13"]
[Round "1"]
[White "andre_ramos"]
[Black "Benicio"]
[Result "0-1"]
[WhiteElo "1358"]
[BlackElo "1203"]

1. e4 Nc6 2. d4 d5 3. exd5 Qxd5 4. Nf3 Bf5 5. c3 O-O-O 6. Be3 e5 7. Na3 Bxa3 8.
bxa3 Qa5 9. Bd2 exd4 10. cxd4 Qxa3 11. Ng5 Nxd4 12. Nxf7 Re8+ 13. Be3 Qc3+ 14.
Qd2 Qxa1+ 15. Qd1 Qc3+ 16. Qd2 Qa1+ 17. Qd1 Nc2+ 18. Ke2 Bg4+ 19. f3 Rxe3+ 20.
Kf2 Qxd1 0-1

[Event "AUTO-OPEN-1130"]
[Site "http://www.queenalice.com/game.php?id=402165"]
[Date "2008.5.13"]
[Round "1"]
[White "Benicio"]
[Black "Gil"]
[Result "0-1"]
[WhiteElo "1332"]
[BlackElo "2253"]

1. e4 c5 2. Nc3 Nc6 3. Nf3 d6 4. d4 cxd4 5. Nxd4 Nf6 6. Bb5 Bd7 7. O-O g6 8. Nd5
Bg7 9. Nxf6+ Bxf6 10. Be3 O-O 11. c3 a6 12. Be2 Qa5 13. Qd3 Ne5 14. Qd1 Rfc8 15.
Nb3 Qc7 16. f4 Nc4 17. Bxc4 Qxc4 18. e5 Qe4 19. Qd2 dxe5 20. Nc5 Rxc5 21. Bxc5
Qc6 22. Be3 exf4 23. Bxf4 Bf5 24. Rad1 e5 25. Bg3 Rc8 26. Qe3 Qc5 27. Qxc5 Rxc5
0-1

[Event "AUTO-OPEN-1130"]
[Site "http://www.queenalice.com/game.php?id=402166"]
[Date "2008.5.13"]
[Round "1"]
[White "Gil"]
[Black "Benicio"]
[Result "1-0"]
[WhiteElo "2254"]
[BlackElo "1332"]

1. d4 Nf6 2. Nf3 e6 3. c4 d5 4. e3 Bd6 5. c5 Be7 6. Nc3 O-O 7. Be2 b6 8. cxb6
axb6 9. O-O c5 10. dxc5 bxc5 11. b3 Ba6 12. Bb2 Qa5 13. Bxa6 Qxa6 14. a4 Nc6 15.
Nb5 Qb6 16. Ne5 Na7 17. Nxa7 Rxa7 18. Nf3 Ne4 19. Qd3 f6 20. Rfb1 Qa5 21. Bc1
Rb8 22. Bd2 Nxd2 23. Qxd2 Rb4 24. h3 Bd6 25. Qd1 Rf7 26. Qc2 1-0

[Event "AUTO-BEG-220"]
[Site "http://www.queenalice.com/game.php?id=407233"]
[Date "2008.5.23"]
[Round "1"]
[White "Peppone"]
[Black "Benicio"]
[Result "1-0"]
[WhiteElo "1489"]
[BlackElo "1307"]

1. e4 e5 2. f4 exf4 3. Nf3 Nf6 4. Nc3 Bb4 5. Bc4 Qe7 6. d3 d5 7. Bb3 dxe4 8. O-O
exf3 9. Qxf3 g5 10. Re1 Be6 11. Qxb7 Qc5+ 12. Kh1 Bxc3 13. bxc3 Qc6 14. Qxc6+
Nxc6 15. Bxe6 fxe6 16. Rxe6+ Ne7 17. Rxf6 O-O-O 18. Bb2 Nd5 19. Rf5 Rhg8 20. Re1
Ne3 21. Ra5 Nxc2 22. Re2 Rxd3 23. h3 Ne3 24. Rxa7 Kb8 25. Ra5 Nc4 26. Rb5+ Kc8
27. a4 f3 28. gxf3 Rxf3 29. a5 Rxh3+ 30. Rh2 g4 31. Rxh3 gxh3 32. a6 Kd7 33. Kh2
Nb6 34. Kxh3 Kc6 35. Ra5 Na8 36. c4 Kb6 37. Ra3 c5 38. Bc3 h5 39. Kh4 Rg4+ 40.
Kxh5 Rxc4 41. Bf6 Rc2 42. Bd8+ Kb5 43. a7 Kb4 44. Rh3 Ra2 45. Rh1 c4 46. Rh4
Rxa7 47. Kg5 Kb3 48. Bf6 Nc7 49. Rh3+ Ka4 50. Be7 Kb5 51. Kg4 Ra4 52. Rh5+ Kc6
53. Kf3 Ra7 54. Ke2 Nd5 55. Bg5 Kb5 56. Be3 Rd7 57. Kd2 Kb4 58. Bg1 c3+ 59. Kc2
Kc4 60. Rh4+ Kb5 61. Rh5 Rd6 62. Rxd5+ Rxd5 63. Kxc3 Ka4 64. Bd4 Kb5 65. Kd3 Kb4
66. Ke4 1-0

[Event "AUTO-BEG-220"]
[Site "http://www.queenalice.com/game.php?id=407234"]
[Date "2008.5.23"]
[Round "1"]
[White "Benicio"]
[Black "Peppone"]
[Result "0-1"]
[WhiteElo "1295"]
[BlackElo "1574"]

1. e4 c5 2. f4 Nc6 3. Nc3 g6 4. Nf3 Bg7 5. Bc4 d6 6. O-O Nf6 7. Qe1 O-O 8. a3 b6
9. d3 e6 10. e5 dxe5 11. fxe5 Nd7 12. Bg5 Qc7 13. Nb5 Qb8 14. Bd2 Ncxe5 15. Nxe5
Nxe5 16. Bf4 a6 17. Nc3 Qd6 18. Rd1 Qd4+ 19. Be3 Qd7 20. Ba2 Ng4 21. Bf4 Bb7 22.
Ne4 Bxb2 23. h3 Bd4+ 24. Kh1 Bxe4 25. hxg4 Bb7 26. Bh6 Bg7 27. Bf4 Qc6 28. Qg3
Rad8 29. Be3 Be5 30. Qf2 Bd4 31. Rg1 Bxe3 32. Qxe3 Rd4 33. Qg5 h6 34. Qe5 Rxg4
35. Rd2 Rh4+ 36. Qh2 Rxh2+ 37. Kxh2 Rd8 38. Rf1 b5 39. Rff2 Rd4 40. g3 Qh1# 0-1

[Event "AUTO-BEG-220"]
[Site "http://www.queenalice.com/game.php?id=407251"]
[Date "2008.5.23"]
[Round "1"]
[White "Benicio"]
[Black "Amorim_TJ"]
[Result "0-1"]
[WhiteElo "1318"]
[BlackElo "1547"]

1. e4 e5 2. Nf3 Nc6 3. d4 Nf6 4. d5 Ne7 5. Nxe5 d6 6. Bb5+ Bd7 7. Nxd7 Nxd7 8.
O-O a6 9. Ba4 b5 10. Bb3 Nc5 11. c4 Nxe4 12. Bc2 Nc5 0-1

[Event "AUTO-BEG-220"]
[Site "http://www.queenalice.com/game.php?id=407252"]
[Date "2008.5.23"]
[Round "1"]
[White "Amorim_TJ"]
[Black "Benicio"]
[Result "1-0"]
[WhiteElo "1565"]
[BlackElo "1311"]

1. e4 e5 2. Nf3 Nf6 3. Nxe5 Qe7 4. d4 Nc6 5. Nxc6 Qxe4+ 6. Be3 dxc6 7. Nc3 Qg6
8. Qe2 Bb4 9. Bd2+ Be6 10. a3 Bd6 11. O-O-O O-O 12. h4 1-0

[Event "AUTO-OPEN-1104"]
[Site "http://www.queenalice.com/game.php?id=468446"]
[Date "2008.9.25"]
[Round "2"]
[White "Benicio"]
[Black "regicide13"]
[Result "0-1"]
[WhiteElo "1303"]
[BlackElo "1623"]

1. e4 e5 2. Nf3 Nc6 3. Bc4 a6 4. O-O b5 5. Bd5 Nf6 6. Re1 Rb8 7. Bb3 Bc5 8. Ng5
O-O 9. c3 Ng4 10. Qxg4 Qf6 11. Nf3 d5 12. Bxd5 Bxg4 13. Bxc6 Qxc6 14. Nxe5 Bxf2+
15. Kh1 Qe6 16. Nxg4 Bxe1 17. Ne3 Qxe4 18. d4 Bf2 19. Nf1 h5 20. Be3 Bxe3 21.
Na3 h4 22. Re1 h3 23. Re2 Qf4 24. Nxe3 hxg2+ 25. Kxg2 Qg5+ 26. Kf1 Rfe8 27. Nac2
Re4 28. Rg2 Qf6+ 29. Ke2 Rbe8 30. Kd3 Qh6 31. Nf5 Qh3+ 32. Rg3 Qxf5 33. Kd2 Re2+
34. Kd1 Qf1+ 35. Ne1 Qxe1# 0-1

[Event "AUTO-OPEN-1104"]
[Site "http://www.queenalice.com/game.php?id=468447"]
[Date "2008.9.25"]
[Round "2"]
[White "regicide13"]
[Black "Benicio"]
[Result "1-0"]
[WhiteElo "1626"]
[BlackElo "1300"]

1. e4 e5 2. Nf3 Nc6 3. Bb5 Nf6 4. Nc3 Nd4 5. Nxd4 exd4 6. e5 dxc3 7. exf6 Qxf6
8. bxc3 Be7 9. O-O c6 10. Ba4 d5 11. h3 Bf5 12. d4 O-O-O 13. Qe2 Qg6 14. Re1
Bxh3 15. g3 Rhe8 16. c4 Bd6 17. Qd1 Bxg3 18. Rxe8 Bxf2+ 19. Kxf2 Qg2+ 20. Ke3
Rxe8+ 21. Kd3 dxc4+ 22. Kxc4 b5+ 23. Bxb5 Be6+ 24. Kd3 Qg6+ 25. Kc3 Qg3+ 26. Bd3
Bf5 27. Qf1 g6 28. Bf4 Qh4 29. Rb1 Kd8 30. Rb8+ Bc8 31. Be5 Qe7 32. Bf6 Qxf6 33.
Qxf6+ Re7 34. Ba6 1-0

[Event "AUTO-OPEN-1104"]
[Site "http://www.queenalice.com/game.php?id=468448"]
[Date "2008.9.25"]
[Round "2"]
[White "Benicio"]
[Black "serse"]
[Result "0-1"]
[WhiteElo "1297"]
[BlackElo "2356"]

1. e4 e6 2. Nf3 d5 3. exd5 exd5 4. Nd4 Nf6 5. Nc3 Be7 6. d3 c5 7. Nb3 a5 8. d4
c4 9. Nd2 Nc6 10. Nf3 a4 11. a3 O-O 12. b3 axb3 13. cxb3 Bb4 14. Bb2 Bxc3+ 15.
Bxc3 Ne4 16. Bb2 c3 17. Bc1 Qa5 18. Qc2 Nb4 19. Qb1 c2 20. Qb2 Nd3+ 21. Ke2 Nxb2
22. Bxb2 Qb5+ 23. Ke3 Qxb3+ 24. Bd3 Qxb2 25. Bxc2 Qxc2 26. Rhf1 Re8 27. Rad1
Nxf2+ 28. Ne5 Rxa3+ 29. Kf4 Qf5# 0-1